El más mezquino asilo

Sparad:
Bibliografiska uppgifter
Materialtyp: Text
Taggar: Lägg till en tagg
Inga taggar, Lägg till första taggen!

MARC

LEADER 00000 a a2200000 04500
001 45477
003
040
090 |a REV0780 (42)2004  
245 |a El más mezquino asilo  
773 |g número42, VI Epoca (2004), páginas 190-191  
999 |c 39104  |d 39104